[Event "Angers op 10th"]
[Site "Angers"]
[Date "2015.04.26"]
[Round "6"]
[White "Chapelain, Florent"]
[Black "Peric, Slavisa"]
[Result "0-1"]
[WhiteElo "1829"]
[BlackElo "2169"]
[PlyCount "54"]
[EventDate "2015.04.24"]
[EventType "swiss"]
[EventRounds "6"]
[EventCountry "FRA"]
[SourceTitle "CBM 166 Extra"]
[Source "ChessBase"]
[SourceDate "2015.06.18"]
[SourceVersion "1"]
[SourceVersionDate "2015.06.18"]
[SourceQuality "1"]

1. e4 e6 2. d4 d5 3. Nd2 b6 4. Bd3 Ba6 5. Qe2 Bxd3 6. Qxd3 Nf6 7. Ngf3 c5 8. exd5 Qxd5 9. 0-0 Nc6 10. c4 Qd7 11. Nb3 0-0-0 12. Bf4 cxd4 13. Ne5 Qb7 14. Rac1 Nb4 15. Qe2 d3 16. Qe3 Nc2 17. Qh3 Nd4 18. Nxd4 Rxd4 19. Nxd3 Qe4 20. Rfd1 Be7 21. Qe3 Rhd8 22. Qxe4 Nxe4 23. f3 Nc5 24. Nf2 Rxf4 25. b4 Rxd1+ 26. Rxd1 Na6 27. Ne4 Nxb4 0-1

[Event "FRA-chT3 0405"]
[Site "France"]
[Date "2005.04.02"]
[Round "8"]
[White "Chapelain, Florent"]
[Black "Hochart, Jean Luc"]
[Result "1/2-1/2"]
[WhiteElo "1820"]
[BlackElo "2026"]
[PlyCount "73"]
[EventDate "2004.10.10"]
[EventType "team"]
[EventRounds "9"]
[EventCountry "FRA"]
[SourceTitle "EXT 2007"]
[Source "ChessBase"]
[SourceDate "2006.11.23"]
[SourceVersion "1"]
[SourceVersionDate "2006.11.23"]
[SourceQuality "1"]

1. e4 e6 2. d4 d5 3. Nc3 Bb4 4. Bd3 c5 5. a3 cxd4 6. axb4 dxc3 7. exd5 exd5 8. Ne2 Nc6 9. bxc3 Nge7 10. 0-0 0-0 11. Ng3 Ng6 12. f4 f5 13. Be3 b6 14. Ne2 Nge7 15. Re1 Bd7 16. Qd2 Be6 17. Nd4 Nxd4 18. Bxd4 Bf7 19. Re5 g6 20. b5 Nc8 21. Qe3 Re8 22. Qg3 Rxe5 23. Bxe5 Nd6 24. Qe3 Qe8 25. Bd4 Nc4 26. Qxe8+ Bxe8 27. Bxc4 dxc4 28. Bxb6 Bxb5 29. Rxa7 Rxa7 30. Bxa7 Ba4 31. Kf2 Kf7 32. Ke3 Bxc2 33. Kd4 Bd3 34. Ke5 Be2 35. Bd4 Bd1 36. Kd6 Be2 37. Kd5 1/2-1/2

[Event "FRA-chT3 Gr5 0203"]
[Site "France"]
[Date "2002.11.16"]
[Round "2"]
[White "Chapelain, Florent"]
[Black "Padioleau, Aurelien"]
[Result "1-0"]
[WhiteElo "1880"]
[BlackElo "1810"]
[PlyCount "50"]
[EventDate "2002.12.09"]
[EventType "team"]
[EventRounds "9"]
[EventCountry "FRA"]
[SourceTitle "EXT 2004"]
[Source "ChessBase"]
[SourceDate "2003.11.25"]
[SourceVersion "1"]
[SourceVersionDate "2003.11.25"]
[SourceQuality "1"]

1. e4 e5 2. d4 exd4 3. Qxd4 Nc6 4. Qe3 Be7 5. Nc3 Nf6 6. Bc4 d6 7. Bd2 0-0 8. 0-0-0 Ng4 9. Qe1 Nce5 10. Bb3 Bh4 11. g3 Be7 12. h3 Nf6 13. f4 Nc6 14. Nf3 Na5 15. g4 Nxb3+ 16. axb3 Bd7 17. f5 Ne8 18. h4 h6 19. g5 h5 20. Qg3 c6 21. f6 Nxf6 22. gxf6 Bxf6 23. Bf4 Bg4 24. Bxd6 Bxf3 25. Qxf3 Re8 1-0

[Event "Guingamp op 5th"]
[Site "Guingamp"]
[Date "2001.??.??"]
[Round "4"]
[White "Chapelain, Florent"]
[Black "Vachaud, Michel"]
[Result "1/2-1/2"]
[WhiteElo "1640"]
[BlackElo "1840"]
[PlyCount "47"]
[EventDate "2001.04.??"]
[EventType "swiss"]
[EventRounds "7"]
[EventCountry "FRA"]
[SourceTitle "EXT 2003"]
[Source "ChessBase"]
[SourceDate "2002.11.25"]
[SourceVersion "1"]
[SourceVersionDate "2002.11.25"]
[SourceQuality "1"]

1. e4 d6 2. d4 Nf6 3. Nc3 c6 4. f4 Qa5 5. Bd3 e5 6. Nf3 Bg4 7. Be3 d5 8. 0-0 Nxe4 9. Nxe4 f5 10. Nd6+ Bxd6 11. fxe5 Be7 12. c3 0-0 13. Qd2 Bxf3 14. Rxf3 g6 15. Bg5 Qd8 16. Bh6 Rf7 17. Qf4 Qd7 18. g4 g5 19. Qd2 f4 20. Bf5 Rxf5 21. gxf5 Qxf5 22. Kh1 Qg6 23. Rh3 Kf7 24. Rg1 1/2-1/2

[Event "Guingamp op 5th"]
[Site "Guingamp"]
[Date "2001.??.??"]
[Round "5"]
[White "Le Bailly, Baptiste"]
[Black "Chapelain, Florent"]
[Result "1/2-1/2"]
[WhiteElo "2070"]
[BlackElo "1640"]
[PlyCount "50"]
[EventDate "2001.04.??"]
[EventType "swiss"]
[EventRounds "7"]
[EventCountry "FRA"]
[SourceTitle "EXT 2003"]
[Source "ChessBase"]
[SourceDate "2002.11.25"]
[SourceVersion "1"]
[SourceVersionDate "2002.11.25"]
[SourceQuality "1"]

1. d4 Nf6 2. Nf3 e6 3. c4 d5 4. Nc3 c6 5. Bg5 Nbd7 6. e3 Bd6 7. Bd3 0-0 8. Qc2 h6 9. h4 Qc7 10. c5 Be7 11. Bf4 Qd8 12. b4 b6 13. b5 Bb7 14. Qa4 Qc8 15. Bd6 Bxd6 16. cxd6 e5 17. Rc1 Qb8 18. g4 Nxg4 19. dxe5 Ndxe5 20. Qxg4 Nxd3+ 21. Kd2 Nxf2 22. Qf4 Ne4+ 23. Nxe4 dxe4 24. Nd4 Qe8 25. Rhg1 Kh8 1/2-1/2